Plantilla SL Benfica Champions League 2024/2025 - Estadísticas

Estadísticas generales
  • Esta prueba ha sido intentada 29 veces
  • La puntuación promedio es 10 de 24
Estadísticas de respuestas
Imagen Respuesta % Correcto
Ángel Di María
93%
Nicolás Otamendi
93%
Álvaro Carreras
82%
Anatoliy Trubin
75%
Andrea Belotti
71%
Renato Sanches
71%
Vangelis Pavlidis
64%
Alexander Bah
50%
Florentino
50%
Fredrik Aursnes
50%
Orkun Kökçü
50%
Kerem Aktürkoğlu
39%
Tomás Araújo
32%
Andreas Schjelderup
25%
Arthur Cabral
21%
Zeki Amdouni
21%
Leandro Barreiro
18%
Samuel Dahl
18%
Samuel Soares
14%
Benjamin Rollheiser
11%
Gianluca Prestianni
11%
Manu Silva
11%
Adrian Bajrami
0%
Tiago Gouveia
0%
No se encontraron pruebas coincidentes
Distribución de puntuación
Porcentaje de gente con cada puntuación
Porcentaje por número respondido
Historial de tus puntuaciones
No has intentado esta prueba.